000 00258nam a22001217a 4500
008 171124b xxu||||| |||| 00| 0 eng d
041 _aeng
080 _a7
100 _a44
101 _aART
245 _aTHE DANA COLLECTION
_cLESTER.H.D
942 _2udc
_cBK
999 _c38425
_d38425